LEADER 01265nam a22002651i 4500 001 991002319769707536 005 20030814144753.0 008 030925s1966 it |||||||||||||||||ita 035 $ab12272413-39ule_inst 035 $aARCHE-031998$9ExL 040 $aBiblioteca Interfacoltà$bita$cA.t.i. Arché s.c.r.l. Pandora Sicilia s.r.l. 082 04$a378 110 2 $aUniversità degli Studi $0453122 245 10$aRelazione del magnifico rettore sull'anno accademico 1964-65 :$bletta nell'aula magna dell'Università degli studi di Trieste il 15 dicembre 1965 per l'inaugurazione dell'anno accademico 1965-1966 /$cprof. Agostino Origone 260 $aTrieste :$b[s.n.],$c1966 300 $a1 v. ;$c25 cm 500 $aIn testa al front.: Università degli studi di Trieste 650 4$aTrieste$xUniversità 700 1 $aOrigone, Agostino$eauthor$4http://id.loc.gov/vocabulary/relators/aut$0245826 907 $a.b12272413$b02-04-14$c08-10-03 912 $a991002319769707536 945 $aLE002 Busta A 21/21$g1$i2002000761750$lle002$o-$pE0.00$q-$rl$s- $t0$u0$v0$w0$x0$y.i12664121$z08-10-03 996 $aRelazione del magnifico rettore sull'anno accademico 1964-65$91458518 997 $aUNISALENTO 998 $ale002$b08-10-03$cm$da $e-$fita$git $h0$i1